Introduction to nanotechnology (Record no. 7926)

MARC details
000 -LEADER
fixed length control field 00387nam a22001457a 4500
003 - CONTROL NUMBER IDENTIFIER
control field NG-AbAUS
008 - FIXED-LENGTH DATA ELEMENTS--GENERAL INFORMATION
fixed length control field 160829b xxu||||| |||| 00| 0 eng d
020 ## - INTERNATIONAL STANDARD BOOK NUMBER
International Standard Book Number 9780471079354
082 ## - DEWEY DECIMAL CLASSIFICATION NUMBER
Classification number 620 P789
100 ## - MAIN ENTRY--PERSONAL NAME
Personal name Poole P Charles, Owens J Frank
9 (RLIN) 929
245 ## - TITLE STATEMENT
Title Introduction to nanotechnology
260 ## - PUBLICATION, DISTRIBUTION, ETC. (IMPRINT)
Place of publication, distribution, etc New Jersey
Name of publisher, distributor, etc John Wiley & sons
Date of publication, distribution, etc 2003
300 ## - PHYSICAL DESCRIPTION
Extent 388
Other physical details Index
942 ## - ADDED ENTRY ELEMENTS (KOHA)
Source of classification or shelving scheme Dewey Decimal Classification
Item type Book

No items available.